000 00867cab a2200277 4500
001 WB2929-35
008 090401t1993 xxu||||| |||| 00| 0 eng d
035 _a(Sirsi) u38413
041 _aeng
245 _aPlanning performance checklists
260 _c1993
350 _a0
490 _aDoE News Release
_v(494) 20 July 1993 (13)
520 _aPlanning performance checklists launched as a Citizen`s Charter initiative to improve local authorities performance in dealing with planning applications.
650 _aCITIZENS CHARTER
650 _aLOCAL AUTHORITIES
650 _aPERFORMANCE
650 _aPLANNING APPLICATIONS
650 _aPLANNING AUTHORITIES
650 _aPLANNING PERFORMANCE CHECKLISTS
650 _aQUALITY OF SERVICE
650 _aRIGHT TO KNOW
690 _aPLANNING LAW AND PRACTICE
942 _n0
948 _c04/03/1997
999 _c24687
_d24687